[Event "eytcc"]
[Site "?"]
[Date "2017.08.22"]
[Round "6.19"]
[White "Kokoszczynski, Jan"]
[Black "Oglaza, Oskar"]
[Result "0-1"]
[BlackElo "2185"]
[WhiteElo "2126"]
[LiveChessVersion "1.4.4"]

1. d4 {[%clk 1:30:52]} f5 {[%clk 1:30:54]} 2. Nf3 {[%clk 1:31:00]} Nf6
{[%clk 1:31:15]} 3. g3 {[%clk 1:31:21]} g6 {[%clk 1:31:40]} 4. Bg2
{[%clk 1:31:42]} Bg7 {[%clk 1:32:05]} 5. O-O {[%clk 1:31:51]} O-O
{[%clk 1:32:19]} 6. b4 {[%clk 1:31:45]} d6 {[%clk 1:31:12]} 7. Bb2
{[%clk 1:31:57]} e6 {[%clk 1:24:31]} 8. c4 {[%clk 1:31:01]} Qe7 {[%clk 1:24:00]}
9. Nbd2 {[%clk 1:28:42]} Rd8 {[%clk 1:14:46]} 10. Qb3 {[%clk 1:19:20]} Nbd7
{[%clk 1:07:10]} 11. a4 {[%clk 1:10:13]} Nf8 {[%clk 1:05:53]} 12. Rfe1
{[%clk 0:57:23]} h6 {[%clk 1:01:37]} 13. e4 {[%clk 0:55:55]} Qf7 {[%clk 0:58:37]}
14. e5 {[%clk 0:50:31]} N6h7 {[%clk 0:56:30]} 15. a5 {[%clk 0:48:40]} a6
{[%clk 0:55:33]} 16. d5 {[%clk 0:41:46]} g5 {[%clk 0:52:05]} 17. exd6
{[%clk 0:39:44]} cxd6 {[%clk 0:50:18]} 18. dxe6 {[%clk 0:35:57]} Nxe6
{[%clk 0:49:45]} 19. Bxg7 {[%clk 0:34:06]} Kxg7 {[%clk 0:49:08]} 20. Rad1
{[%clk 0:24:55]} Nf6 {[%clk 0:48:05]} 21. Nb1 {[%clk 0:23:55]} Nc7
{[%clk 0:44:27]} 22. Nd4 {[%clk 0:22:23]} d5 {[%clk 0:38:25]} 23. c5
{[%clk 0:12:23]} Bd7 {[%clk 0:38:07]} 24. Nc3 {[%clk 0:12:50]} Re8
{[%clk 0:38:08]} 25. Rxe8 {[%clk 0:06:55]} Rxe8 {[%clk 0:38:28]} 26. Nc2
{[%clk 0:07:21]} Be6 {[%clk 0:37:47]} 27. Qb2 {[%clk 0:05:09]} Kg8
{[%clk 0:35:41]} 28. Nd4 {[%clk 0:05:34]} Bd7 {[%clk 0:35:59]} 29. f4
{[%clk 0:02:29]} gxf4 {[%clk 0:34:38]} 30. gxf4 {[%clk 0:02:57]} Ng4
{[%clk 0:34:12]} 31. Nf3 {[%clk 0:01:45]} Qg7 {[%clk 0:34:23]} 32. Qd2
{[%clk 0:01:08]} Kh7 {[%clk 0:14:38]} 33. Qd4 {[%clk 0:00:46]} Qg6
{[%clk 0:10:08]} 34. Re1 {[%clk 0:00:51]} Ne6 {[%clk 0:05:00]} 35. Qd2
{[%clk 0:01:19]} d4 {[%clk 0:04:47]} 36. h3 {[%clk 0:00:42]} Bc6 {[%clk 0:03:44]}
37. hxg4 {[%clk 0:00:42]} dxc3 {[%clk 0:03:33]} 38. Qc2 {[%clk 0:01:10]} Qxg4
{[%clk 0:03:26]} 39. Ne5 {[%clk 0:00:44]} Qxg2+ {[%clk 0:03:34]} 40. Qxg2
{[%clk 0:31:13]} Bxg2 {[%clk 0:33:55]} 41. Kxg2 {[%clk 0:31:41]} c2
{[%clk 0:31:43]} 42. Kg3 {[%clk 0:31:08]} Nd4 {[%clk 0:31:24]} 0-1

[Event "eytcc"]
[Site "?"]
[Date "2017.08.22"]
[Round "6.20"]
[White "Chyzy, Jakub"]
[Black "Sanz Wawer, Daniel"]
[Result "0-1"]
[BlackElo "1972"]
[WhiteElo "2174"]
[LiveChessVersion "1.4.4"]

1. e4 {[%clk 1:30:59]} c5 {[%clk 1:30:48]} 2. Nf3 {[%clk 1:31:26]} e6
{[%clk 1:31:08]} 3. d4 {[%clk 1:31:52]} cxd4 {[%clk 1:31:30]} 4. Nxd4
{[%clk 1:32:19]} Nc6 {[%clk 1:31:42]} 5. Nc3 {[%clk 1:32:34]} Qc7
{[%clk 1:31:57]} 6. Nb3 {[%clk 1:32:50]} a6 {[%clk 1:28:05]} 7. Bd3
{[%clk 1:33:06]} Nf6 {[%clk 1:24:37]} 8. O-O {[%clk 1:33:10]} Be7
{[%clk 1:23:15]} 9. f4 {[%clk 1:33:05]} d6 {[%clk 1:21:50]} 10. Kh1
{[%clk 1:33:11]} O-O {[%clk 1:10:35]} 11. Qf3 {[%clk 1:33:17]} b5
{[%clk 0:59:56]} 12. Bd2 {[%clk 1:33:08]} b4 {[%clk 0:55:48]} 13. Ne2
{[%clk 1:32:39]} Bb7 {[%clk 0:53:42]} 14. Qh3 {[%clk 1:31:13]} e5
{[%clk 0:49:03]} 15. Ng3 {[%clk 1:27:20]} Bc8 {[%clk 0:41:41]} 16. Nf5
{[%clk 1:23:15]} Bxf5 {[%clk 0:41:29]} 17. Qxf5 {[%clk 1:23:30]} a5
{[%clk 0:37:38]} 18. Be3 {[%clk 1:20:48]} a4 {[%clk 0:29:46]} 19. Nd2
{[%clk 1:20:56]} exf4 {[%clk 0:28:47]} 20. Rxf4 {[%clk 1:10:36]} Ne5
{[%clk 0:23:42]} 21. Raf1 {[%clk 1:07:22]} Ra5 {[%clk 0:13:38]} 22. Qh3
{[%clk 1:05:46]} Qc8 {[%clk 0:11:00]} 23. Rf5 {[%clk 0:56:57]} Nfg4
{[%clk 0:10:41]} 24. Bb6 {[%clk 0:19:23]} Ra8 {[%clk 0:09:39]} 25. Rh5
{[%clk 0:17:27]} h6 {[%clk 0:08:18]} 26. Nf3 {[%clk 0:14:16]} Nf6
{[%clk 0:01:23]} 27. Rf5 {[%clk 0:11:50]} Nxd3 {[%clk 0:01:12]} 28. cxd3
{[%clk 0:12:07]} Nxe4 {[%clk 0:00:46]} 29. dxe4 {[%clk 0:11:36]} Qa6
{[%clk 0:01:14]} 30. g4 {[%clk 0:06:37]} Qxb6 {[%clk 0:01:32]} 31. g5
{[%clk 0:06:58]} Qe3 {[%clk 0:00:35]} 32. gxh6 {[%clk 0:06:10]} g6
{[%clk 0:00:52]} 33. Re1 {[%clk 0:05:42]} Qf2 {[%clk 0:01:11]} 34. Rf4
{[%clk 0:04:35]} Qxb2 {[%clk 0:00:41]} 35. Rg1 {[%clk 0:03:11]} Kh7
{[%clk 0:00:34]} 36. Qd7 {[%clk 0:02:05]} Rae8 37. Nh4 {[%clk 0:02:15]} Qe5
{[%clk 0:00:40]} 38. Rxf7+ {[%clk 0:01:27]} Rxf7 {[%clk 0:00:58]} 39. Qxe8
{[%clk 0:01:56]} Qxe4+ {[%clk 0:01:00]} 40. Ng2 {[%clk 0:32:09]} Rf8
{[%clk 0:30:48]} 41. Qxa4 {[%clk 0:26:48]} Rf2 {[%clk 0:24:52]} 42. Qb3
{[%clk 0:24:46]} Bd8 {[%clk 0:16:22]} 43. Qg3 {[%clk 0:21:58]} Bb6
{[%clk 0:14:21]} 44. Re1 {[%clk 0:19:20]} Qe2 {[%clk 0:06:17]} 45. h4
{[%clk 0:10:17]} Rxg2 {[%clk 0:05:14]} 0-1

[Event "eytcc"]
[Site "?"]
[Date "2017.08.22"]
[Round "6.21"]
[White "Matviishen, Viktor"]
[Black "Janik, Igor"]
[Result "1/2-1/2"]
[BlackElo "2420"]
[WhiteElo "2433"]
[LiveChessVersion "1.4.4"]

1. d4 {[%clk 1:30:57]} d6 {[%clk 1:30:51]} 2. c4 {[%clk 1:31:21]} Nf6
{[%clk 1:30:50]} 3. Nc3 {[%clk 1:31:31]} g6 {[%clk 1:31:07]} 4. e4
{[%clk 1:31:44]} Bg7 {[%clk 1:31:30]} 5. Bd3 {[%clk 1:32:09]} O-O
{[%clk 1:31:45]} 6. Nge2 {[%clk 1:32:18]} e5 {[%clk 1:31:11]} 7. d5
{[%clk 1:32:37]} Na6 {[%clk 1:30:50]} 8. O-O {[%clk 1:32:21]} c6 {[%clk 1:29:39]}
9. a3 {[%clk 1:30:21]} Nc5 {[%clk 1:29:32]} 10. Bc2 {[%clk 1:29:47]} cxd5
{[%clk 1:29:28]} 11. cxd5 {[%clk 1:29:44]} a5 {[%clk 1:29:02]} 12. Rb1
{[%clk 1:29:24]} Bd7 {[%clk 1:27:58]} 13. b4 {[%clk 1:26:18]} axb4
{[%clk 1:28:21]} 14. axb4 {[%clk 1:26:46]} Na6 {[%clk 1:28:44]} 15. Bd3
{[%clk 1:24:09]} b5 {[%clk 1:24:51]} 16. Bg5 {[%clk 1:22:21]} Qb6
{[%clk 1:23:37]} 17. Be3 {[%clk 1:18:07]} Qb7 {[%clk 1:23:52]} 18. f3
{[%clk 1:18:05]} Nh5 {[%clk 1:20:57]} 19. Qd2 {[%clk 1:18:11]} Rfc8
{[%clk 1:19:34]} 20. Rfc1 {[%clk 1:17:27]} Bf6 {[%clk 1:18:53]} 21. g4
{[%clk 1:11:51]} Ng7 {[%clk 1:18:56]} 22. Kg2 {[%clk 1:11:37]} Bd8
{[%clk 1:16:48]} 23. Bh6 {[%clk 1:10:30]} Nc7 {[%clk 1:13:18]} 24. h4
{[%clk 0:58:20]} f6 {[%clk 1:11:44]} 25. Nd1 {[%clk 0:53:55]} Ra3
{[%clk 1:10:22]} 26. Rc3 {[%clk 0:50:35]} Rca8 {[%clk 1:09:53]} 27. Rbc1
{[%clk 0:50:39]} R3a4 {[%clk 1:05:47]} 28. Bc2 {[%clk 0:40:53]} Ra2
{[%clk 1:03:22]} 29. Ne3 {[%clk 0:41:09]} Nce8 {[%clk 0:59:16]} 30. f4
{[%clk 0:39:58]} Bb6 {[%clk 0:56:04]} 31. f5 {[%clk 0:30:46]} R8a4
{[%clk 0:48:29]} 32. Rb1 {[%clk 0:21:50]} Qa7 {[%clk 0:46:13]} 33. Nc1
{[%clk 0:12:44]} Ra1 {[%clk 0:45:58]} 34. Rxa1 {[%clk 0:12:59]} Rxa1
{[%clk 0:46:26]} 35. Nb3 {[%clk 0:10:42]} Ra4 {[%clk 0:44:17]} 36. Rd3
{[%clk 0:09:29]} Ra2 {[%clk 0:43:15]} 37. Kf3 {[%clk 0:06:56]} Kf7
{[%clk 0:40:42]} 38. Nd1 {[%clk 0:03:44]} gxf5 {[%clk 0:36:08]} 39. gxf5
{[%clk 0:04:13]} Nxf5 {[%clk 0:36:28]} 40. exf5 {[%clk 0:34:37]} Bxf5
{[%clk 1:06:51]} 41. Ke2 {[%clk 0:16:54]} Qd7 {[%clk 1:01:12]} 42. Be3
{[%clk 0:14:02]} Bxd3+ {[%clk 0:58:05]} 43. Qxd3 {[%clk 0:14:22]} Qg4+
{[%clk 0:57:20]} 44. Kd2 {[%clk 0:14:01]} Qxb4+ {[%clk 0:56:55]} 45. Kc1
{[%clk 0:12:58]} Bxe3+ {[%clk 0:56:53]} 46. Qxe3 {[%clk 0:10:29]} Qxh4
{[%clk 0:56:26]} 47. Kb1 {[%clk 0:10:14]} Rxc2 {[%clk 0:50:51]} 48. Kxc2
{[%clk 0:10:42]} Qc4+ {[%clk 0:51:13]} 49. Kb2 {[%clk 0:10:54]} Qxd5
{[%clk 0:51:40]} 50. Nc3 {[%clk 0:11:14]} Qg2+ {[%clk 0:51:10]} 51. Ka3
{[%clk 0:11:15]} Qa8+ {[%clk 0:51:10]} 52. Kb2 {[%clk 0:08:12]} b4
{[%clk 0:50:47]} 53. Ne4 {[%clk 0:08:17]} f5 {[%clk 0:46:56]} 54. Ng5+
{[%clk 0:07:34]} Kg6 {[%clk 0:47:17]} 55. Nf3 {[%clk 0:06:37]} f4
{[%clk 0:46:50]} 56. Nh4+ {[%clk 0:07:06]} Kg5 {[%clk 0:44:47]} 57. Qh3
{[%clk 0:07:31]} Qe4 {[%clk 0:44:34]} 58. Nf3+ {[%clk 0:07:34]} Kf6
{[%clk 0:44:36]} 59. Qh4+ {[%clk 0:07:22]} Kg6 {[%clk 0:44:55]} 60. Qg4+
{[%clk 0:07:02]} Kf6 {[%clk 0:45:19]} 61. Qh4+ {[%clk 0:07:27]} Kg6
{[%clk 0:45:22]} 62. Qg4+ {[%clk 0:07:02]} Kf6 {[%clk 0:45:46]} 63. Qh4+
{[%clk 0:07:07]} Kg6 {[%clk 0:46:08]} 1/2-1/2

[Event "eytcc"]
[Site "?"]
[Date "2017.08.22"]
[Round "6.22"]
[White "Nowak, Kamil"]
[Black "Lukiyanchuk, Vladislav"]
[Result "0-1"]
[BlackElo "2359"]
[WhiteElo "2318"]
[LiveChessVersion "1.4.4"]

1. e4 {[%clk 1:30:57]} e5 {[%clk 1:30:43]} 2. Nf3 {[%clk 1:31:20]} Nc6
{[%clk 1:31:10]} 3. Bc4 {[%clk 1:31:43]} Bc5 {[%clk 1:31:34]} 4. c3
{[%clk 1:31:44]} Nf6 {[%clk 1:31:59]} 5. d3 {[%clk 1:32:09]} d6 {[%clk 1:31:59]}
6. b4 {[%clk 1:31:45]} Bb6 {[%clk 1:32:24]} 7. O-O {[%clk 1:32:08]} O-O
{[%clk 1:32:48]} 8. a4 {[%clk 1:32:31]} a6 {[%clk 1:32:43]} 9. Bg5
{[%clk 1:31:56]} Ne7 {[%clk 1:31:57]} 10. Nbd2 {[%clk 1:26:01]} c6
{[%clk 1:24:16]} 11. Bb3 {[%clk 1:19:20]} Ng6 {[%clk 1:08:47]} 12. Nh4
{[%clk 1:13:09]} Nxh4 {[%clk 0:54:35]} 13. Bxh4 {[%clk 1:13:32]} h6
{[%clk 0:54:59]} 14. h3 {[%clk 1:05:08]} g5 {[%clk 0:51:41]} 15. Bg3
{[%clk 1:05:27]} Kg7 {[%clk 0:42:38]} 16. a5 {[%clk 1:01:50]} Ba7
{[%clk 0:42:24]} 17. Nc4 {[%clk 1:01:09]} Kg6 {[%clk 0:30:06]} 18. Re1
{[%clk 0:55:44]} Be6 {[%clk 0:27:25]} 19. d4 {[%clk 0:52:15]} Nh5
{[%clk 0:22:13]} 20. Bh2 {[%clk 0:46:03]} Bxc4 {[%clk 0:15:12]} 21. Bxc4
{[%clk 0:46:27]} Qf6 {[%clk 0:15:27]} 22. Ra2 {[%clk 0:42:17]} Nf4
{[%clk 0:12:29]} 23. Rd2 {[%clk 0:35:56]} Rad8 {[%clk 0:12:08]} 24. Qf3
{[%clk 0:28:55]} exd4 {[%clk 0:08:44]} 25. Bxf4 {[%clk 0:29:14]} gxf4
{[%clk 0:08:43]} 26. Qd3 {[%clk 0:29:24]} dxc3 {[%clk 0:04:54]} 27. e5+
{[%clk 0:29:44]} Qf5 {[%clk 0:05:22]} 28. Qxc3 {[%clk 0:30:11]} dxe5
{[%clk 0:05:01]} 29. Bd3 {[%clk 0:30:34]} Rxd3 {[%clk 0:05:27]} 30. Rxd3
{[%clk 0:30:58]} Bd4 {[%clk 0:05:20]} 31. Rxd4 {[%clk 0:31:19]} exd4
{[%clk 0:05:49]} 32. Qxd4 {[%clk 0:31:47]} Qf6 {[%clk 0:05:06]} 33. Qd7
{[%clk 0:27:13]} Rd8 {[%clk 0:02:40]} 34. Qxb7 {[%clk 0:26:26]} Qc3
{[%clk 0:02:45]} 35. Qe7 {[%clk 0:22:57]} Rd4 {[%clk 0:01:46]} 36. Qe8
{[%clk 0:22:42]} Rxb4 {[%clk 0:01:24]} 37. Re6+ {[%clk 0:21:22]} Kg7
{[%clk 0:01:24]} 38. Rxc6 {[%clk 0:20:57]} Rb1+ {[%clk 0:01:38]} 39. Kh2
{[%clk 0:21:25]} Qa1 {[%clk 0:01:57]} 40. g3 {[%clk 0:49:41]} f3 {[%clk 0:31:47]}
41. g4 {[%clk 0:48:12]} Rg1 {[%clk 0:32:05]} 42. Rg6+ {[%clk 0:47:43]} Kxg6
{[%clk 0:32:15]} 43. Qg8+ {[%clk 0:47:58]} Kf6 {[%clk 0:32:38]} 44. Qh8+
{[%clk 0:47:02]} 0-1

[Event "eytcc"]
[Site "?"]
[Date "2017.08.22"]
[Round "6.23"]
[White "Roshka, Yevgeniy"]
[Black "Gumularz, Szymon"]
[Result "1-0"]
[BlackElo "2342"]
[WhiteElo "2356"]
[LiveChessVersion "1.4.4"]

1. e4 c6 2. d3 d5 3. Nd2 e5 4. Ngf3 Bd6 5. d4 exd4 6. exd5 Ne7 7. Nxd4 Nxd5 8.
Ne4 Bc7 9. Bg5 f6 10. Bh4 Qe7 11. Qh5+ g6 12. Qe2 Nd7 13. O-O-O O-O 14. Qf3 Ne5
15. Qb3 Kg7 16. Nc3 Nxc3 17. Qxc3 Rd8 18. Be2 Rd5 19. h3 Bd7 20. Kb1 Rd8 21. f4
Nf7 22. Bc4 Ba5 23. Qb3 Rh5 24. Be1 Bc8 25. Bxa5 Rxa5 26. Bxf7 Qxf7 27. Nf5+ Bxf5
28. Qxf7+ Kxf7 29. Rxd8 Ra4 30. Rf1 Re4 31. Rd2 Re3 32. b3 Be6 33. Rff2 Bd5 34.
Kb2 h5 35. f5 gxf5 36. Rxf5 Kg6 37. Rdf2 Re6 38. R5f4 Be4 39. Re2 f5 40. Kc3 Kg5
41. g3 Re5 42. Kd2 Ra5 43. a4 Rd5+ 44. Ke3 Re5 45. Kf2 Rc5 46. Kg1 Rc3 47. Kh2
Bxc2 48. Rc4 Rxc4 49. bxc4 Bxa4 50. Re7 Bb3 51. Rxb7 Bxc4 52. Rxa7 Bd5 53. Ra4
Be4 54. Ra8 Bd5 55. h4+ Kf6 56. Kg1 Ke5 57. Kf2 c5 58. Rh8 Bf7 59. Rh7 Kf6 60.
Ke3 c4 61. Kd4 Kg6 62. Rh8 Kg7 63. Ra8 Kf6 64. Ra6+ Be6 65. Rc6 f4 66. gxf4 Kf5
67. Ke3 Bf7 68. Rc5+ Kg4 69. f5 Kxh4 70. Kf4 Kh3 71. Rc7 Bg8 72. Rg7 Bd5 73. f6
c3 74. Rg3+ Kh2 75. Rxc3 h4 1-0

[Event "eytcc"]
[Site "?"]
[Date "2017.08.22"]
[Round "6.24"]
[White "Kosakowski, Jakub"]
[Black "Yurovskich, Oleksandr"]
[Result "1-0"]
[BlackElo "2231"]
[WhiteElo "2363"]
[LiveChessVersion "1.4.4"]

1. e4 {[%clk 1:30:56]} c6 {[%clk 1:30:53]} 2. d4 {[%clk 1:31:02]} d5
{[%clk 1:31:20]} 3. e5 {[%clk 1:30:32]} Bf5 {[%clk 1:31:40]} 4. Nf3
{[%clk 1:30:29]} e6 {[%clk 1:31:56]} 5. Be2 {[%clk 1:30:40]} Ne7 {[%clk 1:31:11]}
6. O-O {[%clk 1:30:08]} Bg6 {[%clk 1:31:31]} 7. Nbd2 {[%clk 1:17:12]} Nd7
{[%clk 1:30:53]} 8. Nb3 {[%clk 1:17:14]} Nf5 {[%clk 1:30:58]} 9. c3
{[%clk 1:15:00]} Be7 {[%clk 1:25:47]} 10. Bf4 {[%clk 1:03:46]} h5
{[%clk 1:21:37]} 11. g3 {[%clk 1:01:21]} a6 {[%clk 1:20:28]} 12. h4
{[%clk 0:57:25]} c5 {[%clk 0:59:19]} 13. dxc5 {[%clk 0:53:23]} Nxc5
{[%clk 0:58:40]} 14. Nbd4 {[%clk 0:51:57]} Qb6 {[%clk 0:42:13]} 15. b4
{[%clk 0:45:02]} Nxd4 {[%clk 0:38:25]} 16. Nxd4 {[%clk 0:45:03]} Nd7
{[%clk 0:38:44]} 17. Re1 {[%clk 0:42:11]} Qc7 {[%clk 0:37:06]} 18. Rc1
{[%clk 0:41:48]} Nb6 {[%clk 0:37:16]} 19. Bd3 {[%clk 0:25:17]} Bxd3
{[%clk 0:35:51]} 20. Qxd3 {[%clk 0:25:41]} Nc4 {[%clk 0:32:36]} 21. a4
{[%clk 0:23:06]} g6 {[%clk 0:26:59]} 22. Rb1 {[%clk 0:21:44]} Qd7
{[%clk 0:26:43]} 23. a5 {[%clk 0:19:15]} Kf8 {[%clk 0:24:22]} 24. Nf3
{[%clk 0:18:01]} Kg7 {[%clk 0:23:52]} 25. Bg5 {[%clk 0:17:28]} Bxg5
{[%clk 0:23:55]} 26. Nxg5 {[%clk 0:17:46]} Qe7 {[%clk 0:19:54]} 27. Re2
{[%clk 0:17:40]} Rhc8 {[%clk 0:18:56]} 28. Rd1 {[%clk 0:14:48]} Na3
{[%clk 0:14:40]} 29. Re3 {[%clk 0:06:56]} Nc4 {[%clk 0:14:22]} 30. Re2
{[%clk 0:07:05]} Rc6 {[%clk 0:10:32]} 31. Rde1 {[%clk 0:05:45]} Rac8
{[%clk 0:10:22]} 32. Ra1 {[%clk 0:04:06]} Qc7 {[%clk 0:04:36]} 33. Qd4
{[%clk 0:04:17]} b6 {[%clk 0:04:06]} 34. axb6 {[%clk 0:04:29]} Rxb6
{[%clk 0:03:25]} 35. Qf4 {[%clk 0:04:24]} Qe7 {[%clk 0:03:48]} 36. Rea2
{[%clk 0:03:55]} Ra8 {[%clk 0:03:47]} 37. Rd1 {[%clk 0:02:38]} a5
{[%clk 0:02:40]} 38. bxa5 {[%clk 0:01:47]} Rxa5 {[%clk 0:02:52]} 39. Rxa5
{[%clk 0:01:31]} Nxa5 {[%clk 0:03:17]} 40. g4 {[%clk 0:31:18]} hxg4
{[%clk 0:31:10]} 41. Qxg4 {[%clk 0:31:28]} Nc4 {[%clk 0:14:16]} 42. Qf4
{[%clk 0:26:53]} Rb7 {[%clk 0:10:57]} 43. h5 {[%clk 0:17:46]} gxh5
{[%clk 0:08:05]} 44. Rd3 {[%clk 0:17:41]} f6 {[%clk 0:03:19]} 45. Rg3
{[%clk 0:11:05]} Nxe5 {[%clk 0:02:12]} 46. Nxe6+ {[%clk 0:11:17]} Kf7
{[%clk 0:02:39]} 47. Qf5 {[%clk 0:10:26]} Ng4 {[%clk 0:02:49]} 48. Nd8+
{[%clk 0:10:16]} Qxd8 {[%clk 0:03:04]} 49. Qh7+ {[%clk 0:10:42]} Ke6
{[%clk 0:02:54]} 50. Qxb7 {[%clk 0:11:06]} Qd6 {[%clk 0:02:13]} 51. Qc8+
{[%clk 0:06:44]} Ke7 {[%clk 0:01:24]} 52. Qf5 {[%clk 0:06:35]} Qe5
{[%clk 0:01:36]} 53. Rf3 {[%clk 0:06:38]} Qh2+ {[%clk 0:00:46]} 54. Kf1
{[%clk 0:07:02]} Qh4 {[%clk 0:00:47]} 55. Ke2 {[%clk 0:05:51]} Ne5
{[%clk 0:01:09]} 56. Rf4 {[%clk 0:06:12]} Qg5 {[%clk 0:00:33]} 57. Qxg5
{[%clk 0:06:31]} fxg5 {[%clk 0:00:52]} 58. Rf5 {[%clk 0:06:59]} Nf7
{[%clk 0:00:39]} 59. Rxd5 {[%clk 0:07:22]} Ke6 {[%clk 0:01:00]} 60. Rd1
{[%clk 0:06:20]} Ne5 {[%clk 0:01:25]} 61. Ke3 {[%clk 0:03:04]} Ng4+
{[%clk 0:01:48]} 62. Kf3 {[%clk 0:03:23]} Ke5 {[%clk 0:01:44]} 63. c4
{[%clk 0:03:34]} Nf6 {[%clk 0:02:07]} 64. c5 {[%clk 0:03:33]} g4+
{[%clk 0:02:02]} 65. Kg2 {[%clk 0:03:52]} Nd5 {[%clk 0:02:21]} 66. c6
{[%clk 0:04:12]} 1-0

[Event "eytcc"]
[Site "?"]
[Date "2017.08.22"]
[Round "6.25"]
[White "Gorodetzky, David"]
[Black "Dobrovoljc, Vid"]
[Result "1/2-1/2"]
[BlackElo "2303"]
[WhiteElo "2409"]
[LiveChessVersion "1.4.4"]

1. Nf3 {[%clk 1:30:59]} d5 {[%clk 1:30:42]} 2. b3 {[%clk 1:27:29]} Bg4
{[%clk 1:30:34]} 3. Bb2 {[%clk 1:27:48]} Nd7 {[%clk 1:29:36]} 4. g3
{[%clk 1:22:18]} Ngf6 {[%clk 1:27:25]} 5. Bg2 {[%clk 1:22:37]} e6
{[%clk 1:23:54]} 6. O-O {[%clk 1:21:53]} Bd6 {[%clk 1:20:34]} 7. d3
{[%clk 1:19:34]} O-O {[%clk 1:15:45]} 8. Qe1 {[%clk 1:17:38]} c6 {[%clk 1:06:22]}
9. Nbd2 {[%clk 1:15:44]} e5 {[%clk 1:00:22]} 10. e4 {[%clk 1:13:06]} Re8
{[%clk 1:00:06]} 11. h3 {[%clk 1:11:06]} Bh5 {[%clk 0:59:12]} 12. Nh4
{[%clk 1:09:49]} Qc7 {[%clk 0:52:35]} 13. Kh1 {[%clk 1:00:13]} Rad8
{[%clk 0:43:48]} 14. a3 {[%clk 0:53:00]} dxe4 {[%clk 0:39:34]} 15. dxe4
{[%clk 0:52:24]} b5 {[%clk 0:39:21]} 16. Rc1 {[%clk 0:45:02]} a6 {[%clk 0:34:58]}
17. Bf3 {[%clk 0:21:09]} Bxf3+ {[%clk 0:31:50]} 18. Nhxf3 {[%clk 0:21:32]} Nc5
{[%clk 0:26:29]} 19. Qe2 {[%clk 0:19:25]} Bf8 {[%clk 0:20:55]} 20. Kg2
{[%clk 0:15:13]} g6 {[%clk 0:18:16]} 21. Rfd1 {[%clk 0:13:21]} Bh6
{[%clk 0:17:07]} 22. Ra1 {[%clk 0:12:28]} Bxd2 {[%clk 0:14:28]} 23. Nxd2
{[%clk 0:09:07]} Nh5 {[%clk 0:13:10]} 24. Nf3 {[%clk 0:08:33]} f6
{[%clk 0:11:33]} 25. Qe3 {[%clk 0:08:46]} Ne6 {[%clk 0:11:45]} 26. Ng1
{[%clk 0:07:57]} c5 {[%clk 0:07:56]} 27. Rac1 {[%clk 0:04:41]} Qc6
{[%clk 0:07:20]} 28. Ne2 {[%clk 0:03:47]} Rxd1 {[%clk 0:04:36]} 29. Rxd1
{[%clk 0:04:15]} Nd4 {[%clk 0:04:51]} 30. Qd3 {[%clk 0:01:24]} f5
{[%clk 0:04:15]} 31. Nc3 {[%clk 0:01:04]} Nf6 {[%clk 0:04:02]} 32. f3
{[%clk 0:01:09]} b4 {[%clk 0:03:22]} 33. axb4 {[%clk 0:00:44]} cxb4
{[%clk 0:03:42]} 34. Na2 {[%clk 0:00:34]} fxe4 {[%clk 0:01:53]} 35. fxe4
{[%clk 0:01:03]} Nxe4 {[%clk 0:01:43]} 36. Nxb4 {[%clk 0:01:13]} Qb7
{[%clk 0:01:06]} 37. Qc4+ {[%clk 0:01:31]} Kg7 {[%clk 0:01:03]} 38. Bxd4
{[%clk 0:00:45]} exd4 {[%clk 0:00:35]} 39. Qxd4+ {[%clk 0:01:03]} Nf6+
{[%clk 0:00:51]} 40. Nd5 {[%clk 0:30:54]} Qxd5+ {[%clk 0:30:48]} 41. Qxd5
{[%clk 0:31:00]} Nxd5 {[%clk 0:31:14]} 42. Rxd5 {[%clk 0:31:22]} Re2+
{[%clk 0:31:38]} 1/2-1/2

[Event "eytcc"]
[Site "?"]
[Date "2017.08.22"]
[Round "6.26"]
[White "Zamar Kodelja, Jurij"]
[Black "Parkhov, Yair"]
[Result "0-1"]
[BlackElo "2382"]
[WhiteElo "2251"]
[LiveChessVersion "1.4.4"]

1. d4 {[%clk 1:30:59]} d5 {[%clk 1:30:53]} 2. c4 {[%clk 1:31:03]} e6
{[%clk 1:31:15]} 3. Nc3 {[%clk 1:31:28]} c6 {[%clk 1:31:40]} 4. cxd5
{[%clk 1:31:54]} exd5 {[%clk 1:31:58]} 5. Qc2 {[%clk 1:32:19]} Bd6
{[%clk 1:32:17]} 6. e4 {[%clk 1:31:08]} dxe4 {[%clk 1:32:36]} 7. Qxe4+
{[%clk 1:31:32]} Qe7 {[%clk 1:27:46]} 8. Qxe7+ {[%clk 1:29:52]} Nxe7
{[%clk 1:27:59]} 9. Nf3 {[%clk 1:29:54]} Bf5 {[%clk 1:24:09]} 10. Bc4
{[%clk 1:28:34]} Nd7 {[%clk 1:23:40]} 11. O-O {[%clk 1:28:21]} Nb6
{[%clk 1:16:18]} 12. Bb3 {[%clk 1:28:35]} f6 {[%clk 1:15:51]} 13. Re1
{[%clk 1:28:23]} O-O-O {[%clk 1:15:11]} 14. Be3 {[%clk 1:27:37]} Kb8
{[%clk 1:06:52]} 15. h3 {[%clk 1:19:24]} Bc7 {[%clk 0:59:45]} 16. Rad1
{[%clk 1:12:07]} Ned5 {[%clk 0:57:16]} 17. Bd2 {[%clk 1:12:15]} g5
{[%clk 0:36:52]} 18. Nh2 {[%clk 1:04:02]} h5 {[%clk 0:32:39]} 19. Nf1
{[%clk 1:03:58]} Nb4 {[%clk 0:24:28]} 20. Be3 {[%clk 1:01:22]} N6d5
{[%clk 0:13:15]} 21. Nxd5 {[%clk 0:58:14]} Nxd5 {[%clk 0:12:57]} 22. Bd2
{[%clk 0:58:36]} Bc8 {[%clk 0:11:37]} 23. Ne3 {[%clk 0:58:19]} g4
{[%clk 0:10:20]} 24. Nxd5 {[%clk 0:57:56]} cxd5 {[%clk 0:10:43]} 25. h4
{[%clk 0:58:19]} Bf5 {[%clk 0:06:02]} 26. Re7 {[%clk 0:56:29]} Rhe8
{[%clk 0:00:54]} 27. Rde1 {[%clk 0:54:40]} Rxe7 {[%clk 0:01:06]} 28. Rxe7
{[%clk 0:55:01]} Be4 {[%clk 0:01:16]} 29. Re6 {[%clk 0:53:10]} f5
{[%clk 0:00:42]} 30. Bd1 {[%clk 0:53:09]} f4 {[%clk 0:00:34]} 31. f3
{[%clk 0:53:16]} gxf3 {[%clk 0:00:56]} 32. gxf3 {[%clk 0:51:31]} Rg8+
{[%clk 0:01:03]} 33. Kf2 {[%clk 0:51:38]} Bf5 {[%clk 0:00:52]} 34. Rf6
{[%clk 0:51:07]} Bh3 {[%clk 0:01:13]} 35. Bb3 {[%clk 0:50:55]} Rg2+
{[%clk 0:00:32]} 36. Ke1 {[%clk 0:51:14]} Rg1+ {[%clk 0:00:38]} 37. Ke2
{[%clk 0:50:47]} Bb6 {[%clk 0:00:35]} 38. Ba4 {[%clk 0:46:45]} Bf1+ 0-1